01010nam a2200277 a 450000500170000000800410001702000150005804100080007310000280008124500670010925000110017626000270018730000110021450000940022565300250031965300300034465300410037465300430041565300490045865300650050765300580057265300300063065300140066065300150067465300430068920240412123859.0100309e1990||||sp f S SP SPASP spa d a8432123714 aspa1 aGómez Pérez, Rafael aIntroducción a la ética social / cRafael Gómez Pérez a4a ed. aMadrid:bRialp;c1990. a228 p. aGómez Pérez, R. (1990). Introducción a la ética social. (4a ed.). Madrid : Rialp. 3aLa verdad es posible 3aLa verdad sobre el hombre aPersona, ley moral, derechos humanos aCuestiones éticas en torno a la vida aCuestiones éticas en torno a la economía aCuestiones éticas en torno a la sociedad civil y el Estado aCuestiones éticas en las relaciones internacionales aLiberalismo y capitalismo aComunismo aSocialismo aIdeologías y medio de comunicación